| 000 | 00373cam a22001337a 4500 | ||
|---|---|---|---|
| 008 | 180718b1977 xxu||||| |||| 00| 0 eng d | ||
| 082 | _aC41x54 G959 | ||
| 100 | _aGupta, Bharat Bhushan | ||
| 245 |
_aSeven freedoms _cby Bharat Bhushan Gupta |
||
| 260 |
_aNew Delhi _bAshish _c1977 |
||
| 300 | _a139p. | ||
| 650 | _aConstitutional law --India | ||
| 650 | _aCivil rights --India | ||
| 999 |
_c345224 _d345224 |
||